Breve historia del socialismo / (Record no. 52550)

MARC details
000 -LEADER
campo de control de longitud fija 00878cam a2200277La 4500
001 - NÚMERO DE CONTROL
campo de control 42539
005 - FECHA Y HORA DE LA ÚLTIMA TRANSACCIÓN
campo de control 20230410120824.0
008 - DATOS DE LONGITUD FIJA--INFORMACIÓN GENERAL
campo de control de longitud fija 860116s1975 sp b 000 0 spa d
035 ## - NÚMERO DE CONTROL DEL SISTEMA
Número de control de sistema (OCoLC)ocm13445010
040 ## - FUENTE DE CATALOGACIÓN
Centro catalogador/agencia de origen BRL
Centro/agencia transcriptor BRL
Centro/agencia modificador OCLCQ
050 14 - SIGNATURA TOPOGRÁFICA DE LA BIBLIOTECA DEL CONGRESO
Número de clasificación HX36
Número de ítem .L48217 1975
050 14 - SIGNATURA TOPOGRÁFICA DE LA BIBLIOTECA DEL CONGRESO
Número de clasificación HX 36
Número de ítem L699b 1975
100 1# - ENTRADA PRINCIPAL--NOMBRE DE PERSONA
Nombre de persona Lichtheim, George,
Fechas asociadas al nombre 1912-
240 10 - TÍTULO UNIFORME
Título uniforme Short history of socialism.
Lenguaje de la obra Spanish
245 10 - MENCIÓN DEL TÍTULO
Título Breve historia del socialismo /
Mención de responsabilidad, etc. George Lichtheim ; [traductor, Josefina Rubio].
260 ## - PUBLICACIÓN, DISTRIBUCIÓN, ETC.
Lugar de publicación, distribución, etc. Madrid :
Nombre del editor, distribuidor, etc. Alianza Editorial,
Fecha de publicación, distribución, etc. c1975.
300 ## - DESCRIPCIÓN FÍSICA
Extensión 448 p. ;
Dimensiones 18 cm.
440 #0 - MENCIÓN DE SERIE/PUNTO DE ACCESO ADICIONAL--TÍTULO
Título Seccion Humanidades.
500 ## - NOTA GENERAL
Nota general "Volumen especial."
500 ## - NOTA GENERAL
Nota general Translation of: A short hostory of socialism.
504 ## - NOTA DE BIBLIOGRAFÍA, ETC.
Nota de bibliografía, etc. Includes bibliographical references (p. 436-447).
650 #0 - PUNTO DE ACCESO ADICIONAL DE MATERIA--TÉRMINO DE MATERIA
Término de materia o nombre geográfico como elemento de entrada Socialism
Subdivisión general History.
942 ## - ELEMENTOS DE ENTRADA SECUNDARIOS (KOHA)
Fuente del sistema de clasificación o colocación Clasificación de Library of Congress
Tipo de ítem Koha
994 ## -
-- C0
-- DRFGD
946 ## - PROCESAMIENTO DE INFORMACIÓN LOCAL (OCLC)
a Ediaz
Holdings
Estatus retirado Estado de pérdida Fuente del sistema de clasificación o colocación Estado de daño No para préstamo Colección Biblioteca de origen Biblioteca actual Ubicación en estantería Fecha de adquisición Serial enumeration / chronology Signatura topográfica completa Código de barras Visto por última vez Copia número Tipo de ítem Koha
    Clasificación de Library of Congress     Ciencias Sociales Biblioteca Juan Bosch Biblioteca Juan Bosch Ciencias Sociales (3er. Piso) 10/04/2023 1 HX36 .L48217 1975 | HX 36 L699b 1975 00000043705 24/10/2018 1